| 000 | 00653nam a2200205 i 4500 | ||
|---|---|---|---|
| 001 | 9287 | ||
| 003 | ES-MaACL | ||
| 005 | 20230906145638.0 | ||
| 007 | t| | ||
| 008 | 930625s1988 sp o |||| | spa d | ||
| 080 | _a394.2(468.15) | ||
| 100 | 1 |
_aBrisset, Demetrio. _931792 |
|
| 245 | 1 | 0 |
_aFiestas de moros y cristianos en Granada / _cDemetrio Brisset. |
| 260 |
_aGranada : _bDiputación de Granada, _c[1988] |
||
| 300 |
_a193 p. : _b[16] p. de fot. ; _c22 cm. |
||
| 594 | _aTít. y autor tomados de cub. | ||
| 650 | 4 |
_aMoros y cristianos (Fiesta) _915198 |
|
| 710 | 1 |
_aGranada (Provincia). _bDiputación Provincial. _94488 |
|
| 852 |
_aES-MaACL _jL-4811 |
||
| 999 |
_c9287 _d9287 |
||